Entreprises avec le plus de valeur au monde (2025) - Statistiques

Statistiques générales
  • Ce quiz a été pris 253 fois
  • Le résultat moyen est 12 sur 50
Statistiques - réponses
Place Pays Valeur (en milliards) Enteprise % Correct
3 US 3 100 Apple
92%
4 US 2 400 Amazon
82%
2 US 3 800 Microsoft
81%
10 US 1 100 Tesla
77%
40 FR 273.6 LVMH
76%
30 KR 316.1 Samsung
65%
6 US 1 800 Meta
61%
1 US 4 200 Nvidia
52%
38 US 279.0 General Electric
50%
5 US 2 200 Alphabet
37%
13 US 759.3 Wallmart
35%
35 FR 288.6 Hermès
34%
31 US 301.7 Coca-Cola
32%
36 CN 286.4 Alibaba
31%
49 CH 254.9 Nestlé
25%
12 US 801.5 JPMorgan Chase
23%
18 US 513.9 Netflix
19%
15 US 690.9 Oracle
19%
16 US 681.5 Visa
19%
9 TW 1 200 TSMC
18%
19 US 500.9 Mastercard
17%
33 NL 290.2 ASML
16%
17 CN 599.2 Tencent
16%
26 DE 357.2 SAP
15%
7 SA 1 600 Saudi Aramco
15%
28 US 352.2 Bank of America
12%
20 US 464.3 Exxon Mobil
12%
8 US 1 300 Broadcom
11%
42 US 265.8 IBM
10%
34 DK 289.7 Novo Nordisk
10%
47 US 255.2 Chevron
9%
22 US 394.4 Johnson & Johnson
9%
21 US 421.4 Costco
8%
14 US 694.2 Eli Lilly
8%
24 US 360.1 Palantir
8%
48 US 255.1 AMD
7%
11 US 1 000 Berkshire Hathaway
7%
44 CH 258.9 Roche
6%
23 US 363.7 Procter & Gamble
4%
46 US 256.5 UnitedHealth
4%
32 CN 293.7 Agricultural Bank of China
3%
41 US 269.7 Cisco
3%
27 US 356.3 Home Depot
3%
25 CN 359 ICBC
3%
43 US 259.4 Wells Fargo
3%
37 CN 283.1 China Construction Bank
2%
29 US 334.7 AbbVie
1%
50 NL 253.1 Prosus
1%
39 US 278.7 Philip Morris International
0%
45 US 257.3 T-Mobile US
0%
Aucun quiz correspondant
Distribution des résultats
% des personnes avec chaque résultat
Percentile par nombre de réponses
Votre historique - résultats
Vous n’avez pas pris ce quiz